| 000 | 00749nam a2200217 i 4500 | ||
|---|---|---|---|
| 001 | 100189 | ||
| 003 | ES-MaACL | ||
| 005 | 20230906182626.0 | ||
| 007 | t| | ||
| 008 | 050922s1970 sp ||||1| spa d | ||
| 100 | 1 |
_aMartoja, R. _978522 |
|
| 245 | 1 | 0 |
_aTécnicas de histología animal / _cpor R. Martoja y M. Martoja-Pierson; prefacio del profesor P. P. Grassé; versión, M. Estartús Moncanut y M. Durfort Coll. |
| 250 | _a[1 ed.]. | ||
| 260 |
_aBarcelona : _bToray-Masson, _c1970. |
||
| 300 |
_aXVI, 350 p. : _bil. ; _c22. |
||
| 700 | 1 |
_aMartoja-Pierson, M. _978523 |
|
| 700 | 1 |
_aGrassé, Pierre Paul. _959698 |
|
| 700 | 1 |
_aEstartús Moncanut, Mario. _948022 |
|
| 700 | 1 |
_aDurfort Coll, M. _946296 |
|
| 852 |
_aES-MaACL _jC-38147 _bR.74466 |
||
| 999 |
_c100189 _d100189 |
||